000 00735nam a2200205Ia 4500
003 GCL
008 140319s9999 xx 000 0 ara d
020 _a413232977
040 _aGCL /
_cGCL
082 0 4 _a371.227
_bس ت
100 1 _aسناء محمد سليمان
245 1 0 _aالتعلم التعاونى :
_bأسسه - استراتيجياته - تطبيقاته /
_cسناء محمد سليمان
250 _aالاولى
260 _aالقاهرة :
_bعالم الكتب ،
_c2005
300 _a259 ص ؛
_c24 سم
650 0 4 _aالتعليم التعاونى
650 0 4 _aالتعليم التعاونى - اغراضه واهدافه
650 0 4 _aالتعليم التعاونى - تطوير
942 _2ddc
_cBK
999 _c9746
_d9746